[Event "Negombo op 3rd"]
[Site "Negambo"]
[Date "2017.08.24"]
[Round "9"]
[White "Wijesinghe, WAD Sumudu"]
[Black "Kodithuwakku, Lisara"]
[Result "0-1"]
[WhiteElo "1265"]
[BlackElo "1530"]
[PlyCount "66"]
[EventDate "2017.08.20"]
[EventType "swiss"]
[EventRounds "10"]
[EventCountry "SRI"]
[SourceTitle "CBM 180 Extra"]
[Source "ChessBase"]
[SourceDate "2017.10.06"]
[SourceVersion "1"]
[SourceVersionDate "2017.10.06"]
[SourceQuality "1"]

1. d4 c5 2. e3 Nf6 3. c4 g6 4. Nc3 Bg7 5. Nf3 0-0 6. Bd3 cxd4 7. exd4 d6 8. 0-0 b6 9. Bg5 Nbd7 10. Qd2 Bb7 11. d5 Rc8 12. Rfe1 Re8 13. Re2 Ba6 14. b3 b5 15. Rae1 bxc4 16. bxc4 Bxc4 17. Bxc4 Rxc4 18. Nb5 Qb6 19. Nbd4 Ne5 20. h3 Qc5 21. Nc6 Nxc6 22. dxc6 e5 23. Nh4 Qxc6 24. g3 Ne4 25. Qe3 Nxg5 26. Qxg5 d5 27. Nf5 gxf5 28. Rxe5 Rxe5 29. Rxe5 f6 30. Re8+ Qxe8 31. Qxf5 Qe4 32. Qd7 Rc1+ 33. Kh2 Rh1# 0-1

[Event "Negombo op 3rd"]
[Site "Negambo"]
[Date "2017.08.21"]
[Round "3"]
[White "Nanayakkara, JAK Saranath"]
[Black "Wijesinghe, WAD Sumudu"]
[Result "1-0"]
[WhiteElo "1966"]
[BlackElo "1265"]
[PlyCount "73"]
[EventDate "2017.08.20"]
[EventType "swiss"]
[EventRounds "10"]
[EventCountry "SRI"]
[SourceTitle "CBM 180 Extra"]
[Source "ChessBase"]
[SourceDate "2017.10.06"]
[SourceVersion "1"]
[SourceVersionDate "2017.10.06"]
[SourceQuality "1"]

1. Nf3 Nf6 2. g3 g6 3. Bg2 Bg7 4. d3 0-0 5. e4 d6 6. 0-0 Nc6 7. Nc3 Bg4 8. h3 Bh5 9. g4 Nxg4 10. hxg4 Bxg4 11. Nd5 e6 12. Ne3 Bh5 13. Qe1 Bxf3 14. Bxf3 Be5 15. Ng4 Qh4 16. Nxe5 Nxe5 17. Bg2 Ng4 18. Bf4 e5 19. f3 Nf2 20. Bxe5 dxe5 21. Qxf2 Qf4 22. Rae1 f5 23. exf5 Rxf5 24. Re4 Qh6 25. Rfe1 Qg5 26. Qh4 Qd2 27. Qf2 Qa5 28. Qe3 Qxa2 29. Rxe5 Qxb2 30. Rxf5 gxf5 31. Qe6+ Kf8 32. Qxf5+ Kg8 33. f4 Qb6+ 34. Kf1 Rf8 35. Bd5+ Kg7 36. Re7+ Kh6 37. Qg5# 1-0